Historisch-kritischer Kommentar zum BGB

Na minha lista:
Detalhes bibliográficos
Main Authors: Schmoeckel, Mathias (Author), Rückert, Joachim (Author), Zimmermann, Reinhard (Author)
Formato: Livro
Idioma:alemão
Publicado em: Tubinga Mohr Siebeck 2003
Edição:1a. ed
Assuntos:
Tags: Adicionar Tag
Sem tags, seja o primeiro a adicionar uma tag!

MARC

LEADER 00000cam a2200000 a 4500
001 UCE3755
003 CL-VaPUC
008 140925e20030000gw |||||||||||||||||ger|d
082 0 4 |a 346.43  |b SCH  |2 21 
100 0 |a Schmoeckel, Mathias  |e author  |9 576272 
700 0 |a Rückert, Joachim  |e author  |9 576273 
700 0 |a Zimmermann, Reinhard  |e author  |9 576274 
245 1 0 |a Historisch-kritischer Kommentar zum BGB 
250 |a 1a. ed 
300 |a v 
942 |c BK 
945 |d 20140925 17:45:00  |a arojas 
260 |a Tubinga  |b Mohr Siebeck  |c 2003 
500 |a v.1: Allgemeiner Teil 1-240 
500 |a v.3 p.1: Schuldrecht Besonderer. Teilband 433-656 
500 |a v.3 p.2: Schuldrecht Besonderer. Teilband 657-853 
650 7 |a CODIGO CIVIL ALEMAN  |2 CL-VaPUC  |9 430877 
650 0 |a Derecho civil alemán   |9 432135 
651 0 |a Alemania  |9 255688 
583 |a last modification  |c 20141010 01:29:02  |k Rodrigo Vera 
999 |c 356916  |d 356914 
952 |0 0  |1 0  |2 ddc  |3 erd  |4 0  |6 346_430000000000000_SCH_2003  |7 0  |8 A  |9 464687  |a BIBDER  |b BIBDER  |h v.1  |i 5114551  |l 2  |o 346.43 SCH 2003  |p 5114551  |r 2023-01-25  |s 2020-04-01  |w 2019-11-23  |y BK  |z Catalogado en:20140925  |k DER 
952 |0 0  |1 0  |2 ddc  |3 erd  |4 0  |6 346_430000000000000_SCH_2003  |7 0  |8 A  |9 464688  |a BIBDER  |b BIBDER  |h v.3 p.2  |i 511456K  |l 2  |o 346.43 SCH 2003  |p 511456K  |r 2023-01-25  |s 2020-04-01  |w 2019-11-23  |y BK  |z Catalogado en:20140925  |k DER 
952 |0 0  |1 0  |2 ddc  |3 erd  |4 0  |6 346_430000000000000_SCH_2003  |7 0  |8 A  |9 464689  |a BIBDER  |b BIBDER  |h v.3 p.1  |i 511733K  |l 2  |o 346.43 SCH 2003  |p 511733K  |r 2023-01-25  |s 2020-04-01  |w 2019-11-23  |y BK  |z Catalogado en:20141003  |k DER